| 000 | 00000nam##2200000za#4500 |
| 001 | 9.607752 |
| 003 | CaOODSP |
| 005 | 20210624213301 |
| 007 | cr ||||||||||| |
| 008 | 150406|2000||||xxc|||||o f|0| 0 fre|d |
| 040 | |aCaOODSP|bfre |
| 043 | |an-cn--- |
| 086 | 1 |aNH18-22/100-138F-PDF |
| 110 | 2 |aSociété canadienne d'hypothèques et de logement. |
| 245 | 10|aÉvaluation du rendement des murs à ossature d'acier parés de brique / |h[ressource électronique] |
| 250 | |aRévision 2007 |
| 260 | |aOttawa - Ontario : |bSociété canadienne d'hypothèques et de logement |cc2000, 2007. |
| 300 | |a8p.|bill. en couleur, figures |
| 490 | 1 |aLe point en recherche et développement; série technique|v00-138 |
| 500 | |aFichier reproduit à partir de l'original imprimé. |
| 590 | |a14-16-Supp|b2014-09-25 |
| 775 | 08|tPerformance of a brick veneer/steel stud wall system |w(CaOODSP)9.580808 |
| 776 | 0#|tÉvaluation du rendement des murs à ossature d'acier parés de brique |w(CaOODSP)9.625785 |
| 830 | #0|aLe point en recherche et développement; série technique ;|v00-138|w(CaOODSP)9.500900 |
| 856 | 40|ahttp://publications.gc.ca|qPDF|s239 Ko|uhttps://publications.gc.ca/collections/collection_2014/schl-cmhc/NH18-22-100-138-fra.pdf|y00-138 |